Introducción a la Ética: historia y fundamentos
Uloženo v:
| Hlavní autor: | |
|---|---|
| Médium: | Kniha |
| Jazyk: | španělština |
| Vydáno: |
Madrid
Palabra
2006
|
| Edice: | Colección Albatros, 11
|
| Témata: | |
| Tagy: |
Přidat tag
Žádné tagy, Buďte první, kdo vytvoří štítek k tomuto záznamu!
|
MARC
| LEADER | 00000cam a2200000 a 4500 | ||
|---|---|---|---|
| 001 | UCF3935 | ||
| 003 | CL-VaPUC | ||
| 008 | 121108e20060000SP |||||||||||||||||spa|d | ||
| 020 | |a 9788498400137 | ||
| 082 | 0 | 4 | |a 170 |b AYL |2 21 |
| 100 | 0 | |a Ayllón Vega, José Ramón |e author |9 565585 | |
| 245 | 1 | 0 | |a Introducción a la Ética: historia y fundamentos |
| 300 | |a 270 p | ||
| 942 | |c BK | ||
| 945 | |d 20121108 00:00:00 |a dcastane | ||
| 260 | |a Madrid |b Palabra |c 2006 | ||
| 650 | 0 | |a Ética |9 255099 | |
| 650 | 0 | |a Valores morales |9 310604 | |
| 650 | 0 | |a Naturaleza humana |9 308593 | |
| 650 | 7 | |a SER |2 CL-VaPUC |9 320176 | |
| 583 | |a last modification |c 20121108 11:12:00 |k Rodrigo Vera | ||
| 490 | 0 | |a Colección Albatros, 11 | |
| 999 | |c 349971 |d 349969 | ||
| 952 | |0 0 |1 0 |4 0 |6 170_000000000000000_AYL_2006 |7 0 |8 A |9 452870 |a BIBEDU |b BIBEDU |d 2019-11-22 |i 491628K |o 170 AYL 2006 |p 491628K |r 2019-11-22 |w 2019-11-22 |y BK |k EPE | ||